000 01059nam a2200373 a 4500
003 AR-BaBNM
005 20251128205637.0
008 082120s2002 ||||||||||||||000 | spa||
020 _a968-23-1783-5
040 _cAR-BaBNM
100 1 _aDíaz Polanco, Héctor
245 0 0 _aAutonomía regional
_bla autodeterminación de los pueblos indios
260 _aMéxico, D.F.
_bSiglo Veintiuno
_c1991
300 _a248 p.
490 0 _aBiblioteca América Latina: actualidad y perspectivas
504 _aBibliografía p. 235-248
650 4 _aHISTORIA DE LAS IDEAS
650 4 _aANTROPOLOGIA
650 4 _aPROGRESO
650 4 _aTRABAJADORES AGRICOLAS
650 4 _aCULTURAS POPULARES
650 4 _aNACIONALISMO
650 4 _aCONCIENCIA NACIONAL
650 4 _aCOLONIZACION
650 4 _aABORIGENES
650 4 _aIMPERIALISMO
650 4 _aPERIODO HISPANICO
650 4 _aGRUPOS ETNICOS
651 4 _aAmérica Latina
653 _aINDIGENISMO
800 1 _aGonzález Casanova, Pablo
_ecoordinador
942 _cBK
998 _cMariana
999 _c12207
_d12207